Biggest Cities South of the Equator Quiz Stats

 Plays Quiz not verified by Sporcle

Challenge
Share
Tweet
Embed
Score 0/14 Timer 06:00
0 Plays Today
Rank City, Country % Correct
73.Sydney, Australia
94%
10.Buenos Aires, Argentina
92.5%
4.Sáo Paulo, Brazil
90.3%
19.Rio de Janeiro, Brazil
87.9%
91.Melbourne, Australia
79.3%
21.Jakarta, Indonesia
78.6%
97.Cape Town, South Africa
78.4%
Rank City, Country % Correct
26.Lima, Peru
66.7%
46.Kinshasa, DRC
56.1%
57.Belo Horizonte, Brazil
38.3%
88.Recife, Brazil
33.8%
71.Porto Alegre, Brazil
30.7%
92.Salvador, Brazil
26.4%
99.Maputo, Mozambique
20.8%

You're not logged in!

Compare scores with friends on all Sporcle quizzes.
OR
Log In

You Might Also Like...

Show Comments

Extras

Top Quizzes Today


Score Distribution

Your Account Isn't Verified!

In order to create a playlist on Sporcle, you need to verify the email address you used during registration. Go to your Sporcle Settings to finish the process.

Report this User

Report this user for behavior that violates our Community Guidelines.

Details: